| 000 | 00484nam a2200193Ia 4500 | ||
|---|---|---|---|
| 005 | 20250603145454.0 | ||
| 008 | 250603s9999 xx 000 0 und d | ||
| 020 | _a9780273711148 | ||
| 050 | _aHD 58.7 .R654/ | ||
| 100 | _aRollinson, Derek | ||
| 245 | 0 | _aOrganisational behaviour and analysis : an integrated approach | |
| 250 | _a4th ed. | ||
| 260 | _aLondon | ||
| 260 | _bPearson Education Limited | ||
| 260 | _c2008 | ||
| 300 | _a759 p | ||
| 650 | _aLondon | ||
| 942 | _cBK | ||
| 999 |
_c41958 _d41958 |
||